Countries at 75°W Longitude - Statistics

General Stats
  • This quiz has been taken 28 times
  • The average score is 6 of 7
Answer Stats
Country % Correct
Canada
100%
United States
100%
Colombia
92%
Chile
88%
Peru
88%
Cuba
76%
Bahamas
60%
No matching quizzes found
Score Distribution
Percent of People with Each Score
Percentile by Number Answered
Your Score History
You have not taken this quiz